00273nam a2200109Ia 4500008004100000100001500041245004000056260003600096300000900132942000700141999001500148190216s9999||||xx |||||||||||||| ||und|| aSaxena R G 0aPrinciples And Practice Of Auditing bHimalaya Publishing Housec1999 a497p cBK c3862d3862